La proteccin̤ del consumidor de inmuebles

Detalles Bibliográficos
Formato: eBook
Lenguaje:español
Publicado: Madrid : Dykinson, 2013
Materias:
Acceso en línea:Acceso restringido

MARC

LEADER 00000nam a22000007a 4500
005 20140129161719.0
007 cr|||| ||||
008 140129s2013 sp |||||s|||| 00||0 spa d
020 |a 978-84-9031-448-7 
035 |a 11762 
040 |a vLex 
090 |c 4684  |d 4684 
245 0 3 |a La proteccin̤ del consumidor de inmuebles  |h [Recurso electrn̤ico] 
256 |a Servicio en ln̕ea 
260 |a Madrid :  |b Dykinson,  |c 2013 
300 |a 1 recurso electrn̤ico 
506 1 |a Contenido disponible en los productos indicados  |d vLex Global  |d vLex Global (Academic Edition, excluding Law Schools)  |d vLex Global (U.S. Academic Edition, Law Schools)  |d vLex Global (U.S. Academic Edition, excluding Law Schools)  |d vLex Global (Academic Edition, Law Schools) 
650 0 4 |a Consumidores  |x Proteccin̤ 
650 0 4 |a Bienes inmuebles  
740 0 |a vLex Libros (Servicio en ln̕ea) 
856 4 0 |u http://vlex.com/source/proteccion-del-consumidor-de-inmuebles-11762  |z Acceso restringido 
942 |c BOOK 
999 0 |a Real property 
999 0 |a Consumer protection